Peintures célèbres - Statistiques

Statistiques générales
  • Ce quiz a été pris 599 fois
  • Le résultat moyen est 17 sur 32
Statistiques - réponses
Par images Réponse % Correct
Pablo Picasso
99%
Vincent van Gogh
91%
Léonard de Vinci
87%
Salvador Dalí
83%
Andy Warhol
82%
Edvard Munch
80%
Eugène Delacroix
80%
Frida Kahlo
79%
Claude Monet
76%
Gustav Klimt
76%
Johannes Vermeer
70%
Henri Matisse
67%
Sandro Botticelli
67%
Michel-Ange
61%
Raphaël
57%
Théodore Géricault
55%
Paul Gauguin
54%
Goya
48%
Edward Hopper
43%
Piet Mondrian
41%
Georges Seurat
38%
Rembrandt
38%
Diego Velázquez
37%
Paul Cézanne
32%
Caravage
31%
Jackson Pollock
30%
René Magritte
22%
Titien
13%
Canaletto
8%
Nicolas de Staël
7%
Robert Delaunay
6%
Richard Estes
0%
Aucun quiz correspondant
Distribution des résultats
% des personnes avec chaque résultat
Percentile par nombre de réponses
Votre historique - résultats
Vous n’avez pas pris ce quiz